000 00832nam a2200229 a 4500
008 120416s1997 ||||||||||||||||| || u
020 _a0419203508
050 _aGV 182.3 Bell
100 _aBell, Simon, 1957 May 24-
245 1 0 _aDesign for outdoor recreation
250 _a1st ed.
260 _aLondon
_bE & F N Spon
_c1997
300 _a218 p. : ill.
350 _a0.00
500 _aIncludes bibliographical references (p. 211-213) and index.
650 _aRecreation areas--Environmental aspects
650 _aRecreation areas--Design and construction
650 _aOutdoor recreation
650 _aRECREATION AREAS--MANAGEMENT
650 _aRECREATION
995 _D0.00
_FCBU-MAIN LIBRARY (Kitwe)
_H1
_I0.00
_M1
_UAVAILABLE
_ZMain Library Open Access Collection
999 _c39686
_d39686